Учетные карточки по средним учебным заведениям Министерства народного просвещения города Феодосия

Доступно только в Электронных читальных залах Найти на картеНа карте
RUSMARC
00003560nmc2a22002413x 450
001e16e1932-83b9-4d11-abe9-392911473f91
00520230831210708.0
100##$a20230117l18631917k l0rusy0189 ca
1010#$arus
102##$aRU
105##$ay###
1222#$ad
2001#$aУчетные карточки по средним учебным заведениям Министерства народного просвещения города Феодосия
$jбез даты
215##$a1 л.
$d35х23,5 см
251##$cДело
300##$aДело
371##$aДокумент не является опубликованным и широко распространяемым
461#0$1001a74412a3-3cc5-4d21-8f0a-dfe2fbd9e72d
$12001
$aДепартамент народного просвещения Министерства народного просвещения (1803-1917)
$1251
$cФонд
$1852
$j733
462#0$1001eee5cd01-9790-469a-9945-6bffddbc7761
$12001
$aРазряд общих дел
$1251
$cОпись
$1852
$j228
801#0$aRU
$bРГИА
$c20230117
$gRCR
801#1$aRU
$bГлавНИВЦ
$c20230117
$2rusmarc
801#2$aRU
$bПБ им. Б.Н. Ельцина
$c20230831
$gRCR
$2rusmarc
850##$aРГИА
852##$aРГИА
$eФедеральное казенное учреждение "Российский государственный исторический архив" (РГИА)
$j253
937##$hРГИА
$d12396550
$aASBIBLIO_SCAN
035##$aRusGRCC00059089
856##$uhttp://readingroom.main.prlib.ru/item.aspx?id_node=n187304120&mode=full
Формат отображения